000 00975nam a2200313 i 4500
003 EG-GICUC
005 20260417165124.0
008 260417s1957 fr |||fr|||| 00| 0 fre d
017 _a2279617307
040 _aEG-GiCUC
_bfre
_cEG-GiCUC
_dEG-GiCUC
_eRda
041 _afre
082 0 4 _221
_a343.1
_bME . D
092 0 4 _221
099 _aLaw1 10 343.1 ME . D 1957
100 1 _aMerle, Roger
_eAuteur
245 1 0 _aDroit pénal général :
_bComplémentaire /
_cPar Roger Merle.
264 2 _aFrance :
_bPresses Universitaires De Franc,
_c1957.
300 _a414 pages ;
_c24 cm.
336 _2rda contenu
_a texte
337 _2rda medias
_aOrdinateur
338 _2 transporteur rda
_a Ressource en ligne
650 1 _aDroit pénal
_zFrance
_2qrmak
650 1 _aDroit Pénal Général
_2qrmak
650 1 _aDroit Do Pénal
_2qrmak
651 1 _2qrmak
856 4 0 _uhttps://fll.law.cu.edu.eg/fulltext/bks/B10-09571.pdf
905 _a54
942 _2ddc
_n0
_cBK
_e21
999 _c71546
_d71546